KOHA-Header-6

Psychology (Record no. 6278)

000 -LEADER
fixed length control field 00258nam a2200109Ia 4500
100 ## - MAIN ENTRY--AUTHOR NAME
Personal name Baron ,Robert A.
245 #0 - TITLE STATEMENT
Title Psychology
260 ## - PUBLICATION, DISTRIBUTION, ETC. (IMPRINT)
Place of publication India
Name of publisher Oxford University Press
Year of publication 2013
300 ## - PHYSICAL DESCRIPTION
Number of Pages 668
942 ## - ADDED ENTRY ELEMENTS (KOHA)
Koha item type Books
Holdings
Withdrawn status Lost status Collection code Permanent Location Current Location Shelving location Date acquired Full call number Accession Number Koha item type
    Psychology MAJU MAJU Shelf No.A35 2019-09-07 150 6177 Psychology

Powered by Koha